Movies Quiz

Random Movies or Numbers Quiz

Close-Up Movie Posters V Quiz Stats

 Plays Quiz Updated May 11, 2016

Challenge
Share
Tweet
Score 0/25 Timer 05:00
2 Plays Today
% Correct
Juno
91%
Finding Nemo
89.3%
Pinocchio
81.4%
The Matrix
81.3%
Bridesmaids
78.8%
RoboCop
78.1%
The Wizard of Oz
76.2%
Dodgeball: A True Underdog Story
65.7%
Napoleon Dynamite
62.6%
The Breakfast Club
58%
The Rocky Horror Picture Show
54.8%
O Brother, Where Art Thou?
47%
Eternal Sunshine of the Spotless Mind
45.7%
% Correct
Bill and Ted's Excellent Adventure
44.5%
Gangs of New York
41.5%
There Will Be Blood
40.3%
Vertigo
36.8%
Scott Pilgrim vs. the World
33%
The Royal Tenenbaums
32.6%
Pee-wee's Big Adventure
30.5%
Birdman or (The Unexpected Virtue of Ignorance)
30.4%
The Princess Bride
26.2%
The Thing
24.2%
Chinatown
15%
Dawn of the Dead
6.8%

You're not logged in!

Compare scores with friends on all Sporcle quizzes.
OR
Log In

You Might Also Like...

Show Comments

Extras

Top Quizzes Today


Score Distribution

Your Account Isn't Verified!

In order to create a playlist on Sporcle, you need to verify the email address you used during registration. Go to your Sporcle Settings to finish the process.

Report this User

Report this user for behavior that violates our Community Guidelines.

Details: